LEADER 01007nam0-2200325---450- 001 990009322170403321 005 20110719144949.0 020 $aIT$b98-7307 035 $a000932217 035 $aFED01000932217 035 $a(Aleph)000932217FED01 035 $a000932217 100 $a20110218d1997----km-y0itay50------ba 101 0 $aita 102 $aIT 105 $ay-------001yy 200 1 $a<>giudizio cautelare amministrativo$fFilippo Lubrano 210 $aRoma$cIstituto editoriale regioni italiane$d1997 215 $a109 p.$d24 cm 225 1 $aCollana di studi di diritto amministrativo della Rivista amministrativa della Repubblica italiana$v22 610 0 $aProcedimenti cautelari amministrativi 676 $a342.450 664$v20 700 1$aLubrano,$bFilippo$0230120 801 0$aIT$bUNINA$gRICA$2UNIMARC 901 $aBK 912 $a990009322170403321 952 $aXI A 215$bs.i.$fDDCIC 959 $aDDCIC 996 $aGiudizio cautelare amministrativo$9765658 997 $aUNINA LEADER 01190cam--2200373---450- 001 990003660810203316 005 20130906134610.0 010 $a978-88-568-3788-9 035 $a000366081 035 $aUSA01000366081 035 $a(ALEPH)000366081USA01 035 $a000366081 100 $a20120514d2011----km-y0itay50------ba 101 0 $aita 102 $aIT 105 $ay|||z|||001yy 200 1 $aTecniche e modelli di analisi multivariata$fGiovanni Di Franco 210 $aMilano$cAngeli$d2011 215 $a304 p.$d23 cm 225 2 $a<> cassetta degli attrezzi$v8 410 0$12001$a<> cassetta degli attrezzi$v8 606 0 $aScienze sociali$xRicerca$xImpiego [dell'] Analisi multivariata$2BNCF 676 $a300.1519535 700 1$aDI FRANCO,$bGiovanni$0145641 801 0$aIT$bsalbc$gISBD 912 $a990003660810203316 951 $aII.5. 7139$b235816 L.M.$cII.5.$d00342484 951 $aII.5. 7139 a$b235817 L.M.$cII.5.$d00310806 959 $aBK 969 $aUMA 979 $aANNAMARIA$b90$c20120514$lUSA01$h1144 979 $aANNAMARIA$b90$c20130906$lUSA01$h1346 996 $aTecniche e modelli di analisi multivariata$9239566 997 $aUNISA